From Mongar to Thimphu via London : On My Way to Mayul (Record no. 8972)

MARC details
000 -LEADER
fixed length control field 00396nam a22001457a 4500
008 - FIXED-LENGTH DATA ELEMENTS--GENERAL INFORMATION
fixed length control field 220528b |||||||| |||| 00| 0 eng d
020 ## - INTERNATIONAL STANDARD BOOK NUMBER
International Standard Book Number 9789998059054
082 ## - DEWEY DECIMAL CLASSIFICATION NUMBER
Classification number 895.1 RAB 2022
100 ## - MAIN ENTRY--PERSONAL NAME
Personal name Rabgyal, Dechen
245 ## - TITLE STATEMENT
Title From Mongar to Thimphu via London : On My Way to Mayul
260 ## - PUBLICATION, DISTRIBUTION, ETC.
Date of publication, distribution, etc. 2022.
300 ## - PHYSICAL DESCRIPTION
Extent xxxvi, 183 p.
Dimensions 21 cm.
650 ## - SUBJECT ADDED ENTRY--TOPICAL TERM
Topical term or geographic name entry element History, Politics, Life Story
942 ## - Added entry Elements (Koha)
Source of classification or shelving scheme Dewey Decimal Classification
Holdings
Withdrawn status Lost status Source of classification or shelving scheme Damaged status Not for loan Collection code Home library Current library Shelving location Date acquired Serial Enumeration / chronology Total Checkouts Full call number Barcode Date last seen Date last checked out Price effective from Koha item type
    Dewey Decimal Classification     Main TEST RTC Library RTC Library Main opac 28/05/2022 16389 4 895.1 RAB 2022 c.1 30015410 31/08/2023 17/08/2023 28/05/2022 Main
    Dewey Decimal Classification     Main TEST RTC Library RTC Library Main opac 28/05/2022 16390 4 895.1 RAB 2022 c.2 30015322 09/09/2023 28/08/2023 28/05/2022 Main
    Dewey Decimal Classification     Main TEST RTC Library RTC Library Main opac 31/07/2023 177705 2 895.1 RAB 2022 c.3 30018472 23/11/2023 20/10/2023 31/07/2023 Main
Royal Thimphu College || All Right Reserved